| 000 | 00950 a2200265 4500 | ||
|---|---|---|---|
| 003 | OSt | ||
| 005 | 20180116192400.0 | ||
| 008 | 120702t xxu||||| |||| 00| 0 eng d | ||
| 010 | _a 76005354 | ||
| 020 | _a0714816280 : | ||
| 020 | _a9780714829616 | ||
| 040 | _c0 | ||
| 082 | 0 | 0 | _a759.2142 |
| 100 | 1 |
_aShone, Richard. _95165 |
|
| 245 | 1 | 0 |
_aBloomsbury portraits : _bVanessa Bell, Duncan Grant, and their circle / _cRichard Shone. |
| 260 |
_aOxford : _bPhaidon ; _aNew York : _bE. P. Dutton, _c1976. |
||
| 300 |
_a272 p., [4] leaves of plates : _bill. (some col.) ; _c26 cm. |
||
| 500 | _aIncludes index. | ||
| 600 | 1 | 0 |
_aBell, Vanessa, _d1879-1961 _xFriends and associates. _95166 |
| 600 | 1 | 0 |
_aGrant, Duncan, _d1885-1978 _xFriends and associates. _95167 |
| 650 | 1 | 0 |
_aPainters _zGreat Britain _95168 |
| 650 | 1 | 0 |
_aBloomsbury group. _95169 |
| 942 |
_aSADA _cBK _k759.2142 SHO 1976 _2ddc |
||
| 999 |
_c353295 _d353295 |
||